| 000 | 00000nam 2200000zi 4500 |
| 001 | 9.884851 |
| 003 | CaOODSP |
| 005 | 20240220124941 |
| 006 | m o d f |
| 007 | cr cn||||||||| |
| 008 | 200219s2020 onc o f000 0 eng d |
| 020 | |a9780660341880 |
| 040 | |aCaOODSP|beng|erda|cCaOODSP |
| 043 | |an-cn--- |
| 086 | 1 |aCi4-204/2020E-PDF |
| 245 | 00|aWhat is the open work permit for vulnerable workers? |
| 264 | 1|a[Ottawa] : |bImmigration, Refugees and Citizenship Canada = Immigration, réfugiés et citoyenneté Canada, |c[2020] |
| 300 | |a1 online resource (1 page) |
| 336 | |atext|btxt|2rdacontent |
| 337 | |acomputer|bc|2rdamedia |
| 338 | |aonline resource|bcr|2rdacarrier |
| 500 | |aIssued also in French under title: Qu'est-ce que le permis de travail ouvert pour les travailleurs vulnérables? |
| 500 | |a"IRCC-297-05-2020." |
| 650 | 0|aForeign workers|xAbuse of|xGovernment policy|zCanada. |
| 650 | 0|aForeign workers|xEmployment|xGovernment policy|zCanada. |
| 710 | 1 |aCanada. |bImmigration, Refugees and Citizenship Canada, |eissuing body. |
| 775 | 08|tQu'est-ce que le permis de travail ouvert pour les travailleurs vulnérables?|w(CaOODSP)9.884852 |
| 775 | 08|tQué es el permiso de trabajo abierto para trabajadores vulnerables?|w(CaOODSP)9.884853 |
| 775 | 08|t[Open work permits for vulnerable workers].|w(CaOODSP)9.884855 |
| 775 | 08|t[Ano ang open work permit for vulnerable workers?].|w(CaOODSP)9.884857 |
| 775 | 08|t[Open work permits for vulnerable workers].|w(CaOODSP)9.884858 |
| 775 | 08|t[Open work permits for vulnerable workers].|w(CaOODSP)9.884859 |
| 775 | 08|tOpen work permits for vulnerable workers.|w(CaOODSP)9.884861 |
| 775 | 08|t[Open work permits for vulnerable workers].|w(CaOODSP)9.884862 |
| 775 | 08|tOpen work permits for vulnerable workers.|w(CaOODSP)9.884860 |
| 794 | |tWhat is the open work permit for vulnerable workers?|w(CaOODSP)9.934202 |
| 856 | 40|qPDF|s678 KB|uhttps://publications.gc.ca/collections/collection_2021/ircc/Ci4-204-2020-eng.pdf |